000 00547nam a2200193 i 4500
001 19186
003 ES-MaACL
005 20230906152026.0
007 t|
008 020701s2001 ag ||||1| spa d
020 _a950-15-2185-0
080 _a323.12(=924)(091)
100 1 _aMessadiƩ, Gerald.
_980676
245 1 0 _aHistoria del antisemitismo /
_cGerald MessadiƩ.
260 _aBuenos Aires :
_bJavier Vergara,
_c[2001]
300 _a414 p. ;
_c24 cm.
650 1 4 _aAntisemitismo-
_xHistoria.
_99864
852 _aES-MaACL
_jL-25620
_bR.131250
999 _c19186
_d19186